000 00706nam a2200265Ia 4500
003 OSt
005 20220927105442.0
006 a|||||r|||| 00| 0
007 ta
008 220926b |||||||| |||| 00| 0 eng d
024 _a175197
037 _cReference Collections
040 _aRTL
_cRTL
_beng
041 _2eng
_aeng
082 _a"Z.252. N61t5, K1"
110 _aUTTAR PRADESH
_9350962
245 0 _aThird five year plan.
260 _c1960
300 _a254P.
_ccm.
490 _v1 Vol. Pt.3
500 _aPart 1: Summary statements.
700 _aUTTAR PRADESH
_9350963
942 _h"Z.252. N61t5, K1"
_cCC
999 _c692647
_d692647